| 000 | 00486nam a22001817a 4500 | ||
|---|---|---|---|
| 005 | 20250426140223.0 | ||
| 008 | 221219b |||||||| |||| 00| 0 eng d | ||
| 020 | _a978-1-4051-5916-6 | ||
| 041 | _aeng | ||
| 082 | _a615.82 HOL-M | ||
| 100 |
_aHOLL, MARGARET AND JONES ,ELISABETH _97384 |
||
| 245 | _aMASSAGE FOR THERAPISTS :GUIDE TO SOFT TISSUE THERAPY | ||
| 250 | _a3rd ed. | ||
| 260 |
_aJAPAN _bBLACK WALL SCIENCE _c2009 |
||
| 300 | _a206;P. | ||
| 650 | _aBPT | ||
| 942 | _cBK | ||
| 999 |
_c8102 _d8100 |
||